000 00332 a2200145 4500
001 169939
020 _a
040 _cMagnum
100 _aBireaud, Annie
240 1 0 _aOs metodos pedagogicos no ensino superior
_lpor
245 1 0 _aOs metodos pedagogicos no ensino superior
362 0 _a1899
697 _aENSINO
942 _cBK
999 _c169939
_d169939